|
|
|
|
| LEADER |
00000nam a22000007a 4500 |
| 005 |
20150519004611.0 |
| 007 |
cr|||| |||| |
| 008 |
150519s2012 es |||||s|||| 00||0 spa d |
| 020 |
|
|
|a 9788499610863
|
| 035 |
|
|
|a 12711
|
| 040 |
|
|
|a vLex
|
| 090 |
|
|
|c 5448
|d 5448
|
| 100 |
1 |
|
|a Guanes Nicoli, Manuel
|
| 245 |
1 |
3 |
|a El delito de conduccin̤ temeraria
|h [Recurso electrn̤ico] :
|b Anl̀isis de la situacin̤ jurisprudencial /
|c Manuel Guanes Nicoli
|
| 256 |
|
|
|a Servicio en ln̕ea
|
| 260 |
|
|
|a Madrid:
|b Editorial Universitaria Ramn̤ Areces,
|c 2012
|
| 300 |
|
|
|a 1 recurso electrn̤ico
|
| 500 |
|
|
|a Este libro da respuesta al complejs̕imo delito de conduccin̤ temeraria, en las diversas modalidades configuradas por el legislador. Sus innovadores puntos de vista arrojan luz y se hacen imprescindibles, con atinadas explicaciones desde las perspectivas que son necesarias para dar cumplidas respuestas. El autor aborda de forma exhaustiva los delitos de conduccin̤ temeraria, con una completa investigacin̤ bibliogrf̀ica y con la cita y comentario de numerosas sentencias.
|
| 506 |
1 |
|
|a Disponible solo en los productos indicados
|d vLex Global
|d vLex Global (Academic Edition, excluding Law Schools)
|d vLex Global (U.S. Academic Edition, Law Schools)
|d vLex Global (U.S. Academic Edition, excluding Law Schools)
|d vLex Global (Academic Edition, Law Schools)
|
| 650 |
0 |
4 |
|a Derecho Penal
|z Espaą
|
| 740 |
0 |
|
|a vLex Libros (Servicio en ln̕ea)
|
| 856 |
4 |
0 |
|u http://vlex.com/source/delito-de-conduccion-temeraria-analisis-de-la-situacion-jurisprudencial-12711
|z Acceso restringido
|
| 942 |
|
|
|c BOOK
|
| 999 |
0 |
|
|a Criminal Law
|